01282nam a22001577a 4500003000900000005001700009008004100026040001300067100001900080245004100099260007900140300001900219490010400238500011600342520066600458IT-RoPau20220918181222.0141007b xxu||||| |||| 00| 0 eng d cIT-RoPau aBosetti, Elena aCanto di PacebLa donna nella Bibbia aCastelgandolfo (Roma)bCentro Sussidi Vocazionali (Suore Apostoline)c1996 a118 pp.c20 cm aCentro Sussidi Vocazionali (Suore Apostoline)v1° Vol. - Supplemento a Se vuoi 4/1996 - Anno XXXVI aPer Agnese Silvia e Pia, Anna e Lia Maria Grazia e Silvana Sara, Gloria e Maddalena voci che amo e cantano pace aIndice Prefazione Presentazione Eva, la prima donna Sara la sterile graziata Rebecca, Lia e Rachele, madri di Israele Miriam, la profetessa dell’Esodo Debora, la giudice Abigail, la donna saggia Giuditta, donna della speranza Ester, la regina che capovolge le sorti La ragazza che cerca il suo amore Dall’Antico al Nuovo Testamento Elisabetta e Anna Maria, la donna del sì La donna di Samaria, al pozzo di Sicar Marta e Maria, due sorelle alla scuola di Gesù La donna che amo di più Ragazza, alzati! Talithà kum! Maria di Betania, la donna che dà tutto Maria di Magdala, la donna chiamata per nome Vie diverse alla pace Indicazione bibliografica